[Event "CAT-ch Open-Women 2019"]
[Site "Platja de la Pineda"]
[Date "2019.04.19"]
[Round "2"]
[White "Del Amo Carbo, Jordi"]
[Black "Gonzalez Garcia, Jose"]
[Result "0-1"]
[WhiteElo "2175"]
[BlackElo "2492"]
[Annotator "TA"]
[PlyCount "140"]
[EventDate "2019.04.18"]
[EventType "swiss"]
[EventCountry "ESP"]
[SourceTitle "playchess.com"]
[Source "ChessBase"]
[SourceQuality "1"]

{[%evp 9,140,19,24,0,0,0,16,18,21,12,25,15,12,11,14,0,13,-10,-4,-29,-27,-32,-36,-30,-29,-49,-50,-42,-38,-38,-38,-38,-31,-33,-33,-58,-59,-61,-54,-61,-61,-61,-61,-61,-53,-56,-43,-71,-63,-214,-206,-210,-204,-264,-264,-487,-368,-737,-745,-766,-753,-991,-991,-962,-950,-796,-570,-570,-565,-554,-552,-548,-552,-550,-550,-547,-538,-507,-404,-407,-407,-396,-396,-373,-275,-406,-403,-395,-375,-365,-364,-375,-343,-381,-355,-424,-383,-370,0,-343,-340,-343,-340,-330,0,-331,-298,-298,-296,-270,-178,-368,-375,-301,-194,-212,-194,-425,-421,-391,-401,-406,-397,-690,-462,-786,-783,-599,-669,-765,-783,-591,-548]} 1. Nf3 d5 2. g3 c6 3. Bg2 Bg4 4. d4 Nf6 5. O-O e6 6. b3 {D02: 1 d4 d5 2 Nf3 sidelines, including 2...Nf6 3 g3 and 2...Nf6 3 Bf4} (6. h3 Bf5 7. Nh4 Be4 8. f3 Bg6 9. Nxg6 hxg6 10. e4 c5 11. c3 Qb6 12. Qb3 Qxb3 13. axb3 Nc6 {½-½ (52) Grischuk,A (2771)-Grigoriants,S (2540) St Petersburg 2018}) 6... Nbd7 7. Bb2 Bd6 8. Nbd2 {[%cal Bb1d2,Bd2f3,Bf3e5][%mdl 32] The position is equal.} O-O 9. Ne5 Bh5 10. Ndf3 Ne4 $146 ({Predecessor:} 10... Qe7 11. c4 Ba3 12. Bxa3 Qxa3 13. cxd5 exd5 14. Nxd7 Nxd7 {½-½ (48) Biro,D (2211)-Oparin,G (2306) Budapest 2010}) 11. Nxd7 Qxd7 12. Ne5 Qe7 13. Qd3 f6 14. Nf3 (14. Nc4 $5) 14... a5 {[%cal Ba7a5,Ba5a4,Ba4a3][%mdl 32]} 15. c4 a4 16. c5 Bc7 17. Nd2 a3 18. Bc1 Nxd2 19. Bxd2 e5 20. Rae1 Bg6 21. Qc3 $1 Rfe8 22. f4 exd4 23. Qxd4 Be4 24. e3 Qd7 25. Bc3 Bxg2 26. Kxg2 Re4 27. Qd2 h5 28. h3 b6 29. cxb6 $2 (29. Bd4 $15) 29... Bxb6 $19 30. Qd1 h4 ({And not} 30... Rxe3 31. Rxe3 Bxe3 32. Re1 $11) ({Much less strong is} 30... Bxe3 31. Qxh5 Rae8 32. Qf3) 31. Bd4 {[#]} c5 $1 {[%cal Rc5d4]} 32. Ba1 $2 (32. Bc3) 32... Rae8 {aiming for ...Ba5.} 33. Qc1 $2 (33. Bc3) 33... d4 34. Rf3 Qd5 35. Kf2 Rxe3 36. Rexe3 dxe3+ 37. Ke2 Rd8 38. Qc4 Qxc4+ 39. bxc4 {[%mdl 4096] Endgame KRB-KRB} Rd2+ 40. Kxe3 Rxa2 41. Bc3 Rh2 42. gxh4 a2 {Threatens to win with ...Ba5!} 43. Rf1 Bc7 44. Ke4 Rxh3 {[%mdl 64] Double Attack} 45. Ba1 Rxh4 46. Rf2 {[#]} Bxf4 $1 {[%mdl 512] ( -> ...Bg3+)} 47. Rxa2 (47. Kd5 {was necessary.}) (47. Rxf4 Rh1) 47... Bd6+ 48. Kd5 Bf8 49. Ra7 Rh1 50. Bb2 Rd1+ 51. Ke6 Rd2 52. Rb7 Re2+ 53. Kd5 Rd2+ 54. Ke6 $1 Rd6+ 55. Kf5 Ra6 56. Ke4 Rd6 $2 (56... Re6+ $19 57. Kd5 Re2) 57. Rc7 $2 {[%mdl 8192]} (57. Kf5 $1 $11 {and White is okay.}) 57... Rd1 58. Bc3 Rc1 59. Kd3 f5 60. Be5 $2 (60. Bd2 {is the only way for White.} Rd1 61. Ke2) 60... Re1 61. Bf4 Rd1+ 62. Kc3 Ra1 63. Be5 $2 (63. Be3) 63... Ra3+ 64. Kd2 g5 65. Rc6 g4 66. Rg6+ $2 (66. Re6) 66... Kh7 {Black is clearly winning.} 67. Rf6 (67. Rc6 $142 Bh6+ 68. Kc2) 67... Bh6+ 68. Kc2 Rf3 69. Rf7+ Kg6 70. Rc7 Be3 {Accuracy: White = 35%, Black = 85%.} 0-1

[Event "CAT-ch Open-Women 2019"]
[Site "Platja de la Pineda"]
[Date "2019.04.19"]
[Round "2"]
[White "Ruperez, Miguel"]
[Black "Diaz Camallonga, Carles"]
[Result "1/2-1/2"]
[WhiteElo "2168"]
[BlackElo "2432"]
[Annotator "NA RC"]
[PlyCount "63"]
[EventDate "2019.04.18"]
[EventType "swiss"]
[EventCountry "ESP"]
[SourceTitle "playchess.com"]
[Source "ChessBase"]
[SourceQuality "1"]
[TimeControl "5400+30"]

1. Nf3 Nf6 2. g3 d5 3. Bg2 e6 4. b3 b5 5. O-O Be7 6. Bb2 Bb7 7. d3 b4 8. Nbd2 c5 9. e4 Nc6 10. exd5 exd5 11. Re1 O-O 12. Ne5 Nxe5 13. Rxe5 Nd7 14. Rf5 Bf6 15. Bxf6 Nxf6 16. a3 a5 17. axb4 cxb4 18. Nf3 Re8 19. Qd2 Rc8 20. Nd4 Rc5 21. Re1 Rxe1+ 22. Qxe1 Rc7 23. Re5 Kf8 24. h3 h6 25. Qe3 Rc8 26. g4 Qd7 27. f4 Re8 28. g5 hxg5 29. fxg5 Rxe5 30. Qxe5 Ne8 31. g6 Qd6 32. Qxd6+ 1/2-1/2

[Event "CAT-ch Open-Women 2019"]
[Site "Platja de la Pineda"]
[Date "2019.04.19"]
[Round "2"]
[White "Boixader Arbo, Xavier"]
[Black "Perez Mitjans, Orelvis"]
[Result "0-1"]
[WhiteElo "2154"]
[BlackElo "2377"]
[Annotator "TA"]
[PlyCount "128"]
[EventDate "2019.04.18"]
[EventType "swiss"]
[EventCountry "ESP"]
[SourceTitle "playchess.com"]
[Source "ChessBase"]
[SourceQuality "1"]

{[%evp 18,128,0,0,12,16,37,6,7,0,-8,-60,-56,-53,27,16,18,29,17,40,230,233,225,235,219,235,233,229,235,190,208,204,229,239,227,231,218,216,247,242,251,235,243,241,239,234,299,320,314,218,316,285,477,475,398,265,180,182,141,0,114,-131,0,0,0,-174,0,0,0,0,0,-47,-49,-118,-126,-126,-126,-126,-126,-126,-119,-274,-274,-4076,-694,-678,-300,-300,-300,-710,-343,-351,-358,-29981,-433,-4137,-4137,-4129,-2477,-1584,-1584,-833,-516,-29983,-516,-29973,-29973,-29989,-29990,-29990,-29991,-29992,-29993]} 1. e4 c5 2. Nf3 e6 3. d3 d5 4. Qe2 Nf6 5. g3 Be7 6. Bg2 O-O 7. O-O Nc6 8. e5 Nd7 9. c4 d4 10. h4 Qe8 {C00: French: Unusual White 2nd moves} (10... b6 11. Ng5 Bb7 12. Bf4 Qc7 13. Nd2 Bxg5 14. hxg5 Ne7 15. Ne4 Ng6 16. Nd6 Bxg2 17. Kxg2 f6 18. gxf6 gxf6 {½-½ (68) Jones,G (2650)-Pantsulaia,L (2612) Almaty 2016}) 11. Bf4 $146 ({Predecessor:} 11. Nbd2 Bd8 12. Ne4 Bc7 13. Bf4 Qe7 14. Rfe1 Ndxe5 15. Nxe5 Bxe5 16. Bxe5 Nxe5 17. Nxc5 Nxc4 18. Nxe6 Bxe6 19. dxc4 {1-0 (55) Scheerer,C (2410)-Dignam,M (2144) Genova 2004}) 11... Kh8 12. Nbd2 f5 {The position is equal.} 13. exf6 gxf6 14. Ne4 (14. Bc7 $11) 14... e5 $1 $15 {[%cal Re5f4]} 15. Bd2 Rg8 ({Black should play} 15... f5 $15 16. Neg5 Rf6) 16. Nh2 $11 Nf8 17. f4 $36 {[%mdl 2048] White has the initiative.} f5 18. Ng5 e4 $2 (18... h6 $1 $14) 19. dxe4 $18 h6 20. exf5 Bxf5 21. Bxc6 {[%mdl 64] Overworked Piece} Qxc6 22. Qxe7 Re8 23. Qf7 Bg6 24. Qd5 Qxd5 25. cxd5 hxg5 26. fxg5 ({Resist} 26. hxg5 $6 Nd7) 26... Nd7 27. Ng4 Re2 28. Rf2 $1 {[%cal Rf2e2]} Rxf2 29. Kxf2 ({Don't take} 29. Nxf2 $6 Re8 $16) 29... Bh5 30. Nh6 Rf8+ 31. Bf4 c4 32. Kg2 d3 33. Kh3 b5 (33... Be2 {was worth a try.} 34. Ng4 b5) 34. Bd2 Nb6 $2 (34... Be2 35. Bb4 Rf2) 35. d6 Be8 36. Bc3+ Kh7 37. Re1 Nd5 {Strongly threatening ...b4.} 38. Ng4 ({White should try} 38. Bd2 $16) 38... b4 (38... Bd7 $11 39. h5 b4) 39. Nf6+ $2 (39. Bxb4 $1 $16 {Hoping for Nf6+!} Bd7 40. h5 Bxg4+ 41. Kxg4 Nxb4 42. g6+ Kg8 43. h6) 39... Rxf6 (39... Nxf6 $17 40. Bxf6 d2) 40. Bxf6 $17 {[%mdl 4096] Endgame KRB-KBN} (40. gxf6 $2 {too greedy.} Bd7+ 41. g4 bxc3 $19) 40... Bd7+ 41. Kh2 $2 (41. g4 $11 {and White has nothing to worry.} c3 42. g6+ Kxg6 43. Bg5) 41... d2 $2 (41... c3 $19 {Threatens to win with ...d2.} 42. g6+ Kxg6) 42. Rd1 $1 $11 {[%cal Rd1d2]} Ne3 $1 {[%cal Re3d1]} 43. Rxd2 Nf1+ {[%mdl 64] Double Attack} 44. Kg1 Nxd2 45. h5 ({Better is} 45. Kf2 $1 $15) 45... Ne4 $1 $17 {[%csl LRd6,LRg3]} 46. g6+ Kh6 47. Be5 c3 48. bxc3 bxc3 {[%cal Bb4c3,Bc3c2][%mdl 32] aiming for ...c2.} 49. Kg2 $2 (49. Bf4+ $17 Kxh5 50. g7) 49... c2 $1 $19 {[%cal Rc2c1]} 50. g7 $2 (50. Bb2) 50... Kh7 (50... c1=Q $142 51. Bf4+ Qxf4 $1 {[%mdl 512]} 52. gxf4 Kxg7) 51. Bb2 {[#]} Nxd6 (51... Nc3 $142 $1 {[%mdl 512]} 52. a3 (52. Bxc3 c1=Q) 52... Na4 53. g8=B+ Kxg8) 52. Kf3 Be6 53. a4 $2 (53. g4) 53... a5 (53... Nc4 $142 54. Bc1 Na5) 54. Ke2 Bb3 55. Kd2 $2 (55. Kd3 $19) 55... Ne4+ (55... Nc4+ $142 56. Kc3 Nxb2 57. Kxb2 Kxg7 58. g4 Kh6 59. Kc1 Bxa4 60. Kb2 Kg5 61. Kc1 Bb3 62. Kb2 a4 63. h6 Kxh6 64. Kc1 a3 65. g5+ Kxg5 66. Kd2 a2 67. Ke2 a1=Q 68. Ke3 c1=Q+ 69. Ke4 Qc2+ 70. Kf3 Qac3#) 56. Ke3 (56. Kd3 $142 Nf6 57. h6) 56... Nxg3 57. h6 Bxa4 58. Kd3 Bb3 59. Bc1 a4 60. Bf4 (60. Ke3 $19) 60... Nf5 (60... a3 $142 61. g8=R Kxg8 62. Kc3 a2 63. Kb2 Ne2 64. h7+ Kxh7 65. Bg5 {[#]} c1=Q+ $1 {[%mdl 512]} 66. Bxc1 Nxc1 67. Ka1 Ne2 68. Kb2 Bg8 69. Ka1 Bd5 70. Kb2 Nd4 71. Ka1 Nc2+ 72. Kb2 a1=Q+ 73. Kxc2 Qd4 74. Kc1 Bb3 75. Kb1 Qf2 76. Kc1 Qc2#) 61. Kc3 (61. Bc1 $19 Bd5 62. Kxc2) 61... Nxh6 {Black mates.} 62. Bxh6 Kxh6 63. g8=N+ Kg7 64. Kb2 Kxg8 {Accuracy: White = 41%, Black = 45%.} 0-1

[Event "CAT-ch Open-Women 2019"]
[Site "Platja de la Pineda"]
[Date "2019.04.19"]
[Round "2"]
[White "Gonzalez Vericat, Sergio"]
[Black "Barbero Sendic, Alejandro"]
[Result "0-1"]
[WhiteElo "2122"]
[BlackElo "2361"]
[Annotator "TA"]
[PlyCount "98"]
[EventDate "2019.04.18"]
[EventType "swiss"]
[EventCountry "ESP"]
[SourceTitle "playchess.com"]
[Source "ChessBase"]
[SourceQuality "1"]

{[%evp 13,98,21,18,34,40,42,50,30,44,38,43,41,38,34,16,31,31,0,0,0,15,18,28,13,45,-5,27,24,29,-33,-4,-3,-14,-56,-52,-50,-54,-53,-29,-29,-31,-40,-40,-34,-29,-39,-37,-39,-41,-32,-15,-18,-13,-61,-58,-62,-62,-55,-57,-89,-89,-89,-89,-89,-89,-123,-118,-111,-102,-121,-118,-690,-640,-1398,-207,-1402,-788,-29979,-29976,-29982,-29983,-29983,-29984,-29988,-29986,-29995,-29996]} 1. b3 e5 2. Bb2 Nc6 3. e3 d5 4. Bb5 Bd6 5. f4 Qh4+ 6. g3 Qe7 7. Nf3 f6 8. Nc3 {A01: Nimzowitsch-Larsen Opening} Be6 9. O-O {And now fxe5 would win.} Nh6 10. fxe5 {White is slightly better.} fxe5 11. e4 d4 12. Nd5 Qd7 13. Ng5 {Threatens to win with Qh5+.} O-O-O (13... Bg4 14. Be2 Bxe2 15. Qxe2 O-O-O {½-½ (40) Rapport,R (2729)-Mihok,O (2498) Hungary 2017}) 14. Nxe6 Qxe6 15. c3 dxc3 $146 ({Predecessor:} 15... a6) 16. Bxc3 Bc5+ 17. Kg2 Nd4 18. Bxd4 exd4 19. Bd3 Kb8 20. Qh5 {Hoping for Nxc7!} Bd6 21. h3 (21. Rae1 $11) 21... c6 22. Nf4 Qe7 23. Rae1 (23. e5 $5 Qxe5 24. Qxe5 Bxe5 25. Ne6 $11) 23... Nf7 24. Nd5 {[#]} Qe5 $1 {[%cal Re5g3][%mdl 512]} 25. Nf4 g6 26. Qxe5 Nxe5 27. Bb1 Bb4 28. Nd3 Nxd3 ({Reject} 28... Bxd2 $6 29. Nxe5 Bxe1 30. Rxe1 $16) 29. Bxd3 Bxd2 30. Rd1 Bb4 $36 {[%mdl 2048] Black is more active.} 31. Rf7 Bd6 32. Rdf1 Rdf8 33. Rxf8+ Rxf8 34. Rxf8+ Bxf8 $11 {[%mdl 4096] Endgame KB-KB} 35. Kf3 Bd6 36. h4 Kc7 37. g4 b5 38. h5 Be5 $1 39. hxg6 hxg6 40. Ke2 Kd6 41. Kd2 g5 42. a4 $2 {[%mdl 8192]} (42. Bc2 $17) 42... bxa4 $19 43. bxa4 {[#]} Kc5 $1 {[%cal Rc5b4]} 44. Kc2 $2 {[#]} (44. Ba6) 44... Kb4 $1 45. a5 c5 {Black mates.} 46. a6 c4 47. Bf1 d3+ 48. Kb1 Bf4 49. Kb2 c3+ {Accuracy: White = 45%, Black = 76%.} 0-1

[Event "CAT-ch Open-Women 2019"]
[Site "Platja de la Pineda"]
[Date "2019.04.19"]
[Round "2"]
[White "Gurrutxaga Telleria, Jose Luis"]
[Black "Martin Perez, Laura"]
[Result "1/2-1/2"]
[WhiteElo "2099"]
[BlackElo "2105"]
[Annotator "NA"]
[PlyCount "83"]
[EventDate "2019.04.18"]
[EventType "swiss"]
[EventCountry "ESP"]
[SourceTitle "playchess.com"]
[Source "ChessBase"]
[SourceQuality "1"]
[TimeControl "5400+30"]

1. d4 Nf6 2. c4 e6 3. Nf3 Bb4+ 4. Nbd2 b6 5. a3 Bxd2+ 6. Bxd2 Bb7 7. e3 d6 8. Bd3 Ne4 9. O-O Nd7 10. b4 O-O 11. Qc2 f5 12. a4 Qf6 13. Be1 Kh8 14. a5 Ng5 15. Nxg5 Qxg5 16. f4 Qg6 17. a6 Be4 18. Bxe4 fxe4 19. Qa4 Nf6 20. Qc6 Qf7 21. Bh4 Qd7 22. Qxd7 Nxd7 23. Rac1 Rf7 24. b5 h6 25. g4 g6 26. Rf2 Kh7 27. Rcf1 Raf8 28. Bg3 Nf6 29. h3 Nd7 30. Kg2 Kg7 31. h4 Kh7 32. Rc2 h5 33. gxh5 gxh5 34. Kh3 Rg8 35. Rg1 Rfg7 36. Rcg2 Nf6 37. Be1 Ng4 38. Bd2 Nf2+ 39. Kh2 Ng4+ 40. Kh3 Nf2+ 41. Kh2 Ng4+ 42. Kh3 1/2-1/2

[Event "CAT-ch Open-Women 2019"]
[Site "Platja de la Pineda"]
[Date "2019.04.19"]
[Round "2"]
[White "Jareno Badenas, Aleix"]
[Black "Hernando Rodrigo, Julio Antonio"]
[Result "0-1"]
[WhiteElo "2055"]
[BlackElo "2308"]
[Annotator "TA"]
[PlyCount "86"]
[EventDate "2019.04.18"]
[EventType "swiss"]
[EventCountry "ESP"]
[SourceTitle "playchess.com"]
[Source "ChessBase"]
[SourceQuality "1"]

{[%evp 17,98,0,0,0,0,-21,-12,-26,-18,-45,0,-12,0,0,0,-6,0,0,0,2,22,0,8,-15,0,-2,0,0,0,0,28,28,27,29,51,25,161,35,86,86,77,31,43,33,26,26,26,14,53,26,31,26,26,31,62,16,36,0,0,-76,-25,-27,-27,-27,-21,-22,0,-86,-86,-87,-87,-91,-91,-91,-92,-6527,-6503,-6299,-6195,-5497,-5410,-1390,-1254]} 1. Nf3 Nf6 2. g3 d5 3. Bg2 g6 4. O-O Bg7 5. d3 O-O 6. Nbd2 c5 7. e4 dxe4 8. dxe4 Nc6 9. c3 e5 10. Qe2 {A08: King's Indian Attack} Qc7 11. h3 (11. Nc4) 11... b6 12. Rd1 {The position is equal.} Rd8 13. Nh2 $146 ({Predecessor:} 13. Nh4 Rb8 14. Nf1 Rxd1 15. Qxd1 Ba6 16. Qf3 {0-1 (40) Lorenz,G-Dietze,W Freiberg 1970}) 13... a5 14. Ndf1 Rxd1 15. Qxd1 Be6 16. Ng4 Rd8 17. Nxf6+ Bxf6 18. Qe2 Qd7 19. Kh2 Ne7 20. Be3 Qa4 21. Bf3 Bc4 22. Qe1 {And now b3 would win.} Qc6 23. Rd1 Rd6 24. Rxd6 Qxd6 25. b3 Be6 26. Qd2 Qc6 (26... Qd7 $11 {and Black has nothing to worry.}) 27. Bh6 (27. Qd8+ $18 Kg7 28. Bh6+ {[%mdl 64] Decoy} Kxh6 29. Qf8+ Bg7 30. Qxe7) 27... Bd7 (27... Nc8 $14) 28. Bg4 $16 Be8 29. Qd3 Bg7 30. Be3 h5 31. Be2 Bd7 32. a4 Qe6 33. g4 hxg4 34. hxg4 Nc8 35. Nd2 Nd6 36. f3 (36. Qa6 $5 {[%cal Ra6b6]}) 36... Qe7 37. Bf2 Bh6 38. Nc4 {[#]} (38. Be3 $11 {keeps the balance.} Qh4+ 39. Kg2 Bxe3 40. Qxe3) 38... Bf4+ (38... Nxc4 $1 $17 39. Qxc4 Be6) 39. Kg2 $1 $11 Nxc4 40. Qxc4 Be6 41. Qb5 Qd8 42. Bc4 (42. b4 $1 $11) 42... Bxc4 $17 43. Qxc4 Qd1 {Played: Qd8-d2} 0-1

[Event "CAT-ch Open-Women 2019"]
[Site "Platja de la Pineda"]
[Date "2019.04.19"]
[Round "2"]
[White "Martin Barcelo, Carles"]
[Black "Jimenez Ruano, Adrian"]
[Result "1/2-1/2"]
[WhiteElo "2030"]
[BlackElo "2287"]
[Annotator "NA"]
[PlyCount "111"]
[EventDate "2019.04.18"]
[EventType "swiss"]
[EventCountry "ESP"]
[SourceTitle "playchess.com"]
[Source "ChessBase"]
[SourceQuality "1"]
[TimeControl "5400+30"]

1. e4 Nf6 2. e5 Nd5 3. d4 d6 4. c4 Nb6 5. exd6 exd6 6. Nc3 Be7 7. Be3 Nc6 8. Qf3 O-O 9. O-O-O Be6 10. c5 Nc8 11. Qg3 Nb8 12. Nf3 c6 13. Bd3 d5 14. Rde1 Nd7 15. Bh6 Bf6 16. Ng5 Kh8 17. Bxg7+ Bxg7 18. Rxe6 h6 19. Re3 Bxd4 20. Nf3 Bxe3+ 21. fxe3 Nxc5 22. Bc2 Qf6 23. Rf1 Nd6 24. Nd2 Qe6 25. Qh4 f5 26. Qd4+ Rf6 27. Qxc5 Re8 28. Qd4 Qe5 29. Qh4 Ref8 30. Rf3 c5 31. a3 b5 32. g4 b4 33. axb4 cxb4 34. Ne2 Rc8 35. g5 Rf7 36. Rh3 Rh7 37. g6 Rhc7 38. Qxh6+ Kg8 39. Nd4 Nb5 40. Kb1 Nxd4 41. exd4 Qxd4 42. Nf3 Qf6 43. Bb3 Rc1+ 44. Qxc1 Rxc1+ 45. Kxc1 Qc6+ 46. Kb1 Qb5 47. Rg3 f4 48. Rg5 Qd3+ 49. Ka2 Qa6+ 50. Kb1 Qd3+ 51. Ka2 Kg7 52. Nh4 Qa6+ 53. Kb1 Qd3+ 54. Ka2 Qa6+ 55. Kb1 Qf1+ 56. Ka2 1/2-1/2

[Event "CAT-ch Open-Women 2019"]
[Site "Platja de la Pineda"]
[Date "2019.04.19"]
[Round "2"]
[White "Madria Garriga, Vidal"]
[Black "Pena Morales, Hugo"]
[Result "0-1"]
[WhiteElo "2017"]
[BlackElo "2276"]
[Annotator "NA"]
[PlyCount "142"]
[EventDate "2019.04.18"]
[EventType "swiss"]
[EventCountry "ESP"]
[SourceTitle "playchess.com"]
[Source "ChessBase"]
[SourceQuality "1"]
[TimeControl "5400+30"]

1. d4 g6 2. Bf4 Bg7 3. Nc3 c5 4. e3 cxd4 5. exd4 Qb6 6. Nf3 Nc6 7. Nb5 d6 8. d5 a6 9. Be3 Qa5+ 10. Bd2 Nb4 11. a3 axb5 12. Bxb4 Qb6 13. Qd3 Bd7 14. c3 Nf6 15. Be2 O-O 16. Rd1 Rac8 17. O-O Bh6 18. Qd4 Qc7 19. Qh4 Bg7 20. Rfe1 Rfe8 21. Bf1 h6 22. Qf4 b6 23. h3 g5 24. Qd2 Qb7 25. Nh2 Nh5 26. g3 f5 27. Bg2 f4 28. Qd3 fxg3 29. fxg3 Rc7 30. Qg6 Nf6 31. Nf3 Qc8 32. Nd4 Bxh3 33. Ne6 Bxe6 34. Rxe6 Rf8 35. Rde1 Rf7 36. Bh3 g4 37. Bg2 Qf8 38. Qd3 Rc4 39. b3 Rxb4 40. axb4 Nd7 41. Rf1 Ne5 42. Rxf7 Qxf7 43. Qe3 Qf8 44. Be4 Qd8 45. Qf4 Qc7 46. Qf5 Qxc3 47. Rxe7 Qxg3+ 48. Kf1 Qh3+ 49. Bg2 Qd3+ 50. Qxd3 Nxd3 51. Be4 Nf4 52. Rb7 Bd4 53. Rd7 Be5 54. Rb7 h5 55. Bf5 g3 56. Be6+ Kh8 57. Rb8+ Kg7 58. Rg8+ Kf6 59. Rf8+ Ke7 60. Rf7+ Ke8 61. Rxf4 Bxf4 62. Kg2 Ke7 63. Kf3 Kf6 64. Bd7 Ke5 65. Be6 Kd4 66. Bh3 Be5 67. Bf1 Kxd5 68. Bxb5 Kd4 69. Be8 h4 70. b5 h3 71. Bd7 g2 0-1

[Event "CAT-ch Open-Women 2019"]
[Site "Platja de la Pineda"]
[Date "2019.04.19"]
[Round "2"]
[White "Pla Almenar, Nel"]
[Black "Caballero Gomez-Casero, Emilio"]
[Result "1-0"]
[WhiteElo "2006"]
[BlackElo "1815"]
[Annotator "NA"]
[PlyCount "33"]
[EventDate "2019.04.18"]
[EventType "swiss"]
[EventCountry "ESP"]
[SourceTitle "playchess.com"]
[Source "ChessBase"]
[SourceQuality "1"]
[TimeControl "5400+30"]

1. Nf3 Nc6 2. d4 d5 3. Bf4 Bg4 4. Nbd2 e6 5. e3 Bd6 6. Bxd6 Qxd6 7. Be2 Nge7 8. O-O O-O 9. c4 a5 10. Rc1 a4 11. a3 Na5 12. cxd5 exd5 13. Qxa4 Nc4 14. Nxc4 Bxf3 15. Bxf3 Rxa4 16. Nxd6 cxd6 17. Rc7 1-0

[Event "CAT-ch Open-Women 2019"]
[Site "Platja de la Pineda"]
[Date "2019.04.19"]
[Round "2"]
[White "Granados Tello, Roman"]
[Black "Saurina Sune, Francesc Xavier"]
[Result "0-1"]
[WhiteElo "1855"]
[BlackElo "2012"]
[Annotator "NA"]
[PlyCount "115"]
[EventDate "2019.04.18"]
[EventType "swiss"]
[EventCountry "ESP"]
[SourceTitle "playchess.com"]
[Source "ChessBase"]
[SourceQuality "1"]
[TimeControl "5400+30"]

1. e4 e5 2. Nf3 Nc6 3. d4 exd4 4. Nxd4 Bc5 5. Nb3 Bb6 6. Qe2 d6 7. Nc3 Be6 8. Be3 Qe7 9. g3 Nf6 10. Bg2 O-O 11. O-O Ne5 12. Nd2 Rad8 13. Bxb6 axb6 14. Rfe1 Nc6 15. Nd5 Bxd5 16. exd5 Qxe2 17. Rxe2 Nb4 18. c4 Rfe8 19. Ne4 Kf8 20. a3 Ra8 21. Rd1 Na6 22. Rdd2 Nxe4 23. Bxe4 Nc5 24. Bc2 Rxe2 25. Rxe2 Na4 26. Bb3 Nc5 27. Bc2 Nd7 28. f4 g6 29. Kf2 Ra5 30. Re3 Nf6 31. h3 b5 32. b4 Ra8 33. cxb5 Nxd5 34. Rd3 Ne7 35. Bd1 Ke8 36. Bf3 d5 37. Bxd5 Nxd5 38. Rxd5 Rxa3 39. Rc5 Kd7 40. Rd5+ Ke6 41. Re5+ Kd6 42. Re4 h5 43. Rd4+ Ke6 44. h4 Rb3 45. Re4+ Kd7 46. Rd4+ Kc8 47. b6 cxb6 48. Rc4+ Kd7 49. Rd4+ Ke6 50. Re4+ Kf5 51. Re7 f6 52. Rxb7 Rxb4 53. Rg7 Rb3 54. Rg8 b5 55. Kg2 b4 56. Rb8 Kg4 57. f5 Kxf5 58. Rg8 0-1

[Event "CAT-ch Open-Women 2019"]
[Site "Platja de la Pineda"]
[Date "2019.04.19"]
[Round "2"]
[White "Clanchet Olle, Josep"]
[Black "Chueca Forcen, Alberto"]
[Result "0-1"]
[WhiteElo "1626"]
[BlackElo "2270"]
[Annotator "NA"]
[PlyCount "86"]
[EventDate "2019.04.18"]
[EventType "swiss"]
[EventCountry "ESP"]
[SourceTitle "playchess.com"]
[Source "ChessBase"]
[SourceQuality "1"]
[TimeControl "5400+30"]

1. e4 e5 2. Nf3 Nc6 3. Bc4 Bc5 4. Nc3 Nf6 5. d3 d6 6. h3 h6 7. O-O O-O 8. Na4 Qe7 9. Nxc5 dxc5 10. Be3 Rd8 11. Qe2 Na5 12. Rfd1 Nxc4 13. dxc4 Bd7 14. Nd2 Bc6 15. f3 b6 16. Nf1 Nh5 17. Rxd8+ Rxd8 18. Rd1 Nf4 19. Bxf4 exf4 20. Rxd8+ Qxd8 21. Qd3 Qd4+ 22. Qxd4 cxd4 23. Nd2 Ba4 24. b3 Bd7 25. Kf2 c5 26. Ke2 f5 27. Kd3 Kf7 28. c3 dxc3 29. Kxc3 Kf6 30. a3 Ke5 31. b4 cxb4+ 32. axb4 fxe4 33. Nxe4 Bf5 34. c5 Bd7 35. Kc4 bxc5 36. Kxc5 a6 37. Kb6 Bb5 38. Nc5 Bf1 39. Nxa6 Bxg2 40. Kc7 Bxf3 41. b5 Be2 42. Kc6 f3 43. Nc5 f2 0-1

[Event "CAT-ch Open-Women 2019"]
[Site "Platja de la Pineda"]
[Date "2019.04.19"]
[Round "3"]
[White "Asis Gargatagli, Hipolito"]
[Black "Gomez Anadon, Daniel"]
[Result "1-0"]
[WhiteElo "2529"]
[BlackElo "2271"]
[Annotator "TA"]
[PlyCount "61"]
[EventDate "2019.04.18"]
[EventType "swiss"]
[EventCountry "ESP"]
[SourceTitle "playchess.com"]
[Source "ChessBase"]
[SourceQuality "1"]

{[%evp 13,63,31,37,6,14,22,27,31,35,32,31,29,46,29,26,35,36,34,81,53,44,48,66,72,81,71,67,45,47,29,64,59,72,60,139,131,261,112,202,214,613,413,405,391,397,380,674,666,764,784,29974,5390]} 1. e4 c5 2. Nf3 d6 3. d4 cxd4 4. Nxd4 Nf6 5. Nc3 a6 6. Be3 e5 7. Nb3 Be6 8. h3 {B90: Sicilian Najdorf: Unusual White 6th moves, 6 Be3 Ng4 and 6 Be3 e5} (8. f3 Be7 9. Qd2 O-O 10. O-O-O Nbd7 11. g4 b5 12. g5 Nh5 13. Kb1 Nb6 14. Na5 Rc8 15. a3 g6 16. h4 Ng3 17. Rh2 Nxf1 18. Rxf1 h5 19. Bxb6 Qxb6 20. Nd5 Bxd5 21. exd5 {½-½ (35) Navara,D (2739)-Wojtaszek,R (2722) Prague 2019}) 8... Nbd7 9. g4 h6 10. Qd2 {White has an edge.} Rc8 11. O-O-O Be7 $146 ({Predecessor:} 11... b5 12. f4 Be7 13. Kb1 {½-½ (53) Krzyzanowski,W (2457)-Florea,M (2462) ICCF email 2016}) 12. f4 Qc7 13. Kb1 b5 14. Nd5 Bxd5 $1 15. exd5 exf4 16. Bxf4 Nb6 17. Bg2 Nc4 18. Qf2 Nd7 19. Rhe1 Nde5 20. Bc1 O-O 21. Nd4 Bg5 22. Bxg5 $1 hxg5 23. Nc6 $1 Nxc6 ({Black should play} 23... Rfe8 $14) 24. dxc6 $16 Ne5 {[#]} (24... Rfe8 $16) 25. Be4 (25. h4 $1 $18 {and the rest is easy.}) 25... Nxc6 {[#]} (25... Qe7 $16 26. Bg2 Rfe8) 26. h4 $1 $18 Qd8 $2 (26... d5) 27. Qh2 {White threatens hxg5 and mate.} gxh4 28. Rxd6 {[%mdl 64] Double Attack} Qg5 29. Bxc6 ({Weaker is} 29. Rxc6 Rxc6 30. Bxc6 Qxg4 $18) 29... Qxg4 $2 (29... Rc7 30. Rh1 Qxg4) 30. Bd7 Qb4 31. Qe5 {Played: Re1-g1} 1-0